[Event "Gibraltar Masters 18th"]
[Site "Caleta"]
[Date "2020.01.27"]
[Round "7"]
[White "Low, Zhen Yu Cyrus"]
[Black "Alboredo, Julia"]
[Result "1-0"]
[WhiteElo "2415"]
[BlackElo "2190"]
[PlyCount "151"]
[EventDate "2020.01.21"]
[EventType "swiss"]
[EventRounds "10"]
[EventCountry "GGB"]
[SourceTitle "CBM 194 Extra"]
[Source "ChessBase"]
[SourceDate "2020.03.31"]
[SourceVersion "1"]
[SourceVersionDate "2020.03.31"]
[SourceQuality "1"]

1. e4 c5 2. Nf3 Nc6 3. d4 cxd4 4. Nxd4 Nf6 5. Nc3 d6 6. Bg5 e6 7. Qd2 a6 8. 0-0-0 Bd7 9. f4 Be7 10. Nf3 b5 11. a3 h6 12. Bh4 Qa5 13. Kb1 Rd8 14. e5 dxe5 15. fxe5 Bc8 16. Bd3 Nd5 17. Nxd5 Qxd2 18. Nc7+ Kd7 19. Rxd2 Kxc7 20. Bg3 Bb7 21. Rf1 Bc5 22. Rdd1 Rd7 23. Nd2 Bd4 24. Rde1 Rf8 25. Ne4 Na5 26. Re2 Bd5 27. Nd6 Nb7 28. Rf4 Bc5 29. Ne4 Bb6 30. Rg4 Bxe4 31. Bxe4 g6 32. Rh4 h5 33. Rf4 Rfd8 34. c3 Na5 35. Bh4 Rg8 36. Bg5 Nc4 37. Bc2 Kb7 38. Rf1 Bc7 39. Rfe1 Ka7 40. Bc1 Rgd8 41. b3 Nb6 42. Be3 Kb8 43. Rf2 Nd5 44. Bd4 Bb6 45. Bxb6 Nxb6 46. Ref1 Rc8 47. Rxf7 Rxc3 48. R1f2 Re3 49. Bxg6 Rxe5 50. Kc2 Rc5+ 51. Kb2 Rxf7 52. Rxf7 Rg5 53. Be4 Nd5 54. Bf3 Ne3 55. Kc3 a5 56. h4 Rg3 57. Kd4 Nxg2 58. Kc5 Nxh4 59. Bc6 Nf5 60. Kb6 Nd6 61. Rd7 Rd3 62. Kxa5 h4 63. Kb4 h3 64. Rh7 e5 65. a4 bxa4 66. bxa4 Rd4+ 67. Kc5 Ne4+ 68. Kb6 Rb4+ 69. Bb5 Nd6 70. Rxh3 Rb2 71. Rh6 Nc8+ 72. Ka6 Rc2 73. Rf6 Na7 74. Rb6+ Ka8 75. Bd3 Rc6 76. Be4 1-0

[Event "Gibraltar Masters 18th"]
[Site "Caleta"]
[Date "2020.01.26"]
[Round "6"]
[White "Vidic, Teja"]
[Black "Low, Zhen Yu Cyrus"]
[Result "0-1"]
[WhiteElo "2252"]
[BlackElo "2415"]
[PlyCount "66"]
[EventDate "2020.01.21"]
[EventType "swiss"]
[EventRounds "10"]
[EventCountry "GGB"]
[SourceTitle "CBM 194 Extra"]
[Source "ChessBase"]
[SourceDate "2020.03.31"]
[SourceVersion "1"]
[SourceVersionDate "2020.03.31"]
[SourceQuality "1"]

1. e4 c5 2. Nf3 Nc6 3. d4 cxd4 4. Nxd4 Nf6 5. Nc3 d6 6. Bg5 e6 7. Qd2 a6 8. 0-0-0 Bd7 9. f4 b5 10. Bxf6 gxf6 11. Kb1 Rc8 12. Nxc6 Bxc6 13. Bd3 Qb6 14. f5 Qc5 15. Rhf1 Bd7 16. e5 Qxe5 17. Rde1 Qxh2 18. fxe6 fxe6 19. Nd5 Be7 20. Nxf6+ Bxf6 21. Rxf6 Rg8 22. Qf2 Kd8 23. Rf7 Qxg2 24. Qf6+ Kc7 25. Qxe6 Rcd8 26. Be4 Qd2 27. Bf5 Kb6 28. Rxd7 Rxd7 29. a4 Rdd8 30. Bxh7 Rge8 31. Qxe8 Rxe8 32. Rxe8 Qd1+ 33. Ka2 Qd5+ 0-1

[Event "Gibraltar Masters 18th"]
[Site "Caleta"]
[Date "2020.01.24"]
[Round "4"]
[White "Enkhtuul, Altanulzii"]
[Black "Low, Zhen Yu Cyrus"]
[Result "1/2-1/2"]
[WhiteElo "2200"]
[BlackElo "2415"]
[PlyCount "88"]
[EventDate "2020.01.21"]
[EventType "swiss"]
[EventRounds "10"]
[EventCountry "GGB"]
[SourceTitle "CBM 194 Extra"]
[Source "ChessBase"]
[SourceDate "2020.03.31"]
[SourceVersion "1"]
[SourceVersionDate "2020.03.31"]
[SourceQuality "1"]

1. d4 Nf6 2. Nf3 d5 3. g3 g6 4. Bg2 Bg7 5. 0-0 0-0 6. c4 dxc4 7. Na3 c3 8. bxc3 c5 9. Bb2 Nc6 10. Nc4 Be6 11. Nce5 Bd5 12. c4 Bxf3 13. Bxf3 Nxe5 14. dxe5 Nd7 15. e6 Bxb2 16. Rb1 Ne5 17. Rxb2 Nxf3+ 18. exf3 b6 19. Rd2 Qe8 20. Re1 Rd8 21. f4 fxe6 22. Rxe6 Rxd2 23. Qxd2 Rf6 24. Re5 Kf8 25. Rd5 Qc6 26. f5 Rd6 27. Qh6+ Kg8 28. fxg6 hxg6 29. Rxd6 Qxd6 30. h4 a6 31. a4 Kf7 32. Qh7+ Kf6 33. Qh8+ Kf7 34. Qh7+ Kf6 35. Qh8+ Kf5 36. Qc8+ Ke5 37. Qxa6 Kd4 38. Qb5 Kc3 39. Kg2 e5 40. f3 Kc2 41. Kh3 Qe6+ 42. Kh2 Qd6 43. Kh3 Kc3 44. Kh2 Qd2+ 1/2-1/2

[Event "Gibraltar Masters 18th"]
[Site "Caleta"]
[Date "2020.01.22"]
[Round "2"]
[White "Ali Marandi, Cemil Can"]
[Black "Low, Zhen Yu Cyrus"]
[Result "1/2-1/2"]
[WhiteElo "2546"]
[BlackElo "2415"]
[PlyCount "92"]
[EventDate "2020.01.21"]
[EventType "swiss"]
[EventRounds "10"]
[EventCountry "GGB"]
[SourceTitle "CBM 194 Extra"]
[Source "ChessBase"]
[SourceDate "2020.03.31"]
[SourceVersion "1"]
[SourceVersionDate "2020.03.31"]
[SourceQuality "1"]

1. d4 Nf6 2. c4 g6 3. g3 Bg7 4. Bg2 d5 5. cxd5 Nxd5 6. e4 Nb6 7. Ne2 c5 8. d5 e6 9. 0-0 exd5 10. exd5 0-0 11. Nec3 Na6 12. Bf4 h5 13. Nd2 Bf5 14. Nde4 Qd7 15. Bh6 Rac8 16. Re1 Rfe8 17. Bxg7 Kxg7 18. b3 Rcd8 19. d6 Nc8 20. Nxc5 Rxe1+ 21. Qxe1 Nxc5 22. Qe5+ Kg8 23. Qxc5 Qxd6 24. Qe3 b6 25. Nd5 Be6 26. Nf4 Bf5 27. Bf3 Qc5 28. Qxc5 bxc5 29. Rc1 Rd2 30. Rxc5 Rxa2 31. h3 Nd6 32. Re5 Kg7 33. Kg2 Rb2 34. Re3 Bc8 35. Rd3 Nf5 36. Rc3 Ba6 37. Bd5 Rd2 38. Be4 Nd6 39. Bf3 Bb7 40. Bxb7 Nxb7 41. Rc7 Nd6 42. Ne6+ Kg8 43. Ng5 Rd5 44. h4 Rb5 45. Rxa7 Rxb3 46. Rd7 Rb6 1/2-1/2

[Event "Prague op-A 19th"]
[Site "Prague"]
[Date "2020.01.15"]
[Round "7"]
[White "Low, Zhen Yu Cyrus"]
[Black "Ochedzan, Tymon"]
[Result "1-0"]
[WhiteElo "2415"]
[BlackElo "2140"]
[PlyCount "59"]
[EventDate "2020.01.10"]
[EventType "swiss"]
[EventRounds "9"]
[EventCountry "CZE"]
[SourceTitle "CBM 194 Extra"]
[Source "ChessBase"]
[SourceDate "2020.03.31"]
[SourceVersion "1"]
[SourceVersionDate "2020.03.31"]
[SourceQuality "1"]

1. e4 c5 2. Nc3 Nc6 3. Bb5 Nd4 4. Nf3 Nxb5 5. Nxb5 d6 6. d4 cxd4 7. Qxd4 a6 8. Nc3 e5 9. Qd3 Be7 10. 0-0 h6 11. Nd2 Nf6 12. Nc4 b5 13. Ne3 0-0 14. a4 b4 15. Ncd5 a5 16. Rd1 Bb7 17. Nxe7+ Qxe7 18. Nf5 Qe6 19. Qg3 Nh5 20. Qg4 g6 21. Rxd6 Nf6 22. Qe2 Ba6 23. Qf3 Qc4 24. Bxh6 Nxe4 25. Rc6 Nd2 26. Ne7+ Kh7 27. Qf6 Kxh6 28. Rxc4 Bxc4 29. Nf5+ Kh5 30. Qh4# 1-0

[Event "Prague op-A 19th"]
[Site "Prague"]
[Date "2020.01.12"]
[Round "4"]
[White "Czerw, Dawid"]
[Black "Low, Zhen Yu Cyrus"]
[Result "1/2-1/2"]
[WhiteElo "2262"]
[BlackElo "2415"]
[PlyCount "147"]
[EventDate "2020.01.10"]
[EventType "swiss"]
[EventRounds "9"]
[EventCountry "CZE"]
[SourceTitle "CBM 194 Extra"]
[Source "ChessBase"]
[SourceDate "2020.03.31"]
[SourceVersion "1"]
[SourceVersionDate "2020.03.31"]
[SourceQuality "1"]

1. d4 Nf6 2. c4 g6 3. Nc3 d5 4. Bf4 Bg7 5. e3 0-0 6. Rc1 Be6 7. cxd5 Nxd5 8. Nxd5 Qxd5 9. b3 c6 10. Nf3 Nd7 11. Bc4 Qf5 12. Bd3 Qa5+ 13. Qd2 Qxd2+ 14. Nxd2 Rac8 15. Ke2 Nf6 16. Be5 Rfd8 17. Rhd1 Bf8 18. Bxf6 exf6 19. Ne4 f5 20. Nc5 Bxc5 21. dxc5 Kf8 22. Bc4 Rxd1 23. Kxd1 Ke7 24. Ke2 Rd8 25. Bxe6 Kxe6 26. h4 Ke5 27. g3 f6 28. Rc4 Rd5 29. b4 Rd8 30. Rc1 h6 31. Rb1 Rd7 32. Rc1 g5 33. Rc4 Rd8 34. f4+ Ke6 35. h5 Rg8 36. Kf2 a5 37. a3 axb4 38. Rxb4 Rg7 39. Rd4 Rg8 40. Rb4 Rb8 41. Rd4 Ra8 42. fxg5 hxg5 43. Rb4 Ra7 44. e4 Rxa3 45. exf5+ Kxf5 46. g4+ Ke5 47. Rxb7 Rc3 48. h6 Rh3 49. h7 Kd5 50. Rf7 Rh6 51. Kg3 Kxc5 52. Rxf6 Rxh7 53. Rf5+ Kd4 54. Rxg5 c5 55. Rg8 Rc7 56. Rd8+ Ke4 57. Re8+ Kd3 58. Rd8+ Ke3 59. Re8+ Kd2 60. Rd8+ Kc1 61. g5 c4 62. Kg4 c3 63. Rh8 c2 64. Rh2 Kb1 65. Rxc2 Kxc2 66. Kf5 Rc5+ 67. Kf6 Rc6+ 68. Kf7 Kd3 69. g6 Ke4 70. g7 Kf5 71. g8Q Rc7+ 72. Kf8 Rc8+ 73. Kf7 Rxg8 74. Kxg8 1/2-1/2